000
00321nam a22001337a 4500
020
_a
9789350145746
082
_a
621.31042 DAT
100
_a
Datta, N.K.
245
_a
Theory & practice of electrical machine design
260
_a
New Delhi
_b
S.KKataria & sons
300
_a
946 p.
700
_a
N.K.Datta
942
_c
BK
999
_c
490576
_d
490576